Διεθνής Οικονομική / Θεωρία και Πολιτική: Πρώτος Τόμος (Record no. 5328)
[ view plain ]
| 000 -LEADER | |
|---|---|
| fixed length control field | 01909cam a22002054a 4500 |
| 005 - ΗΜΕΡΟΜΗΝΙΑ ΚΑΙ ΩΡΑ ΤΕΛΕΥΤΑΙΑΣ ΕΝΗΜΕΡΩΣΗΣ | |
| Πεδίο ελέγχου | 20250605164209.0 |
| 008 - FIXED-LENGTH DATA ELEMENTS--GENERAL INFORMATION | |
| Πεδίο ελέγχου σταθερού μήκους | 250528s ||||||||||||||||||||||||d |
| 035 ## - SYSTEM CONTROL NUMBER | |
| System control number | 20193 |
| 020 ## - ISBN | |
| ISBN | 9602181133 |
| 040 ## - ΠΗΓΗ ΚΑΤΑΛΟΓΟΓΡΑΦΗΣΗΣ | |
| Φορέας πρωτότυπης καταλογογράφησης | MC Athens Campus Library |
| Γλώσσα καταλογογράφησης | Ελληνικά, Μοντέρνα (1453-) |
| Modifying agency | MC Athens Campus Library |
| Κανόνες περιγραφικής καταλογογράφησης | AACR2 |
| 245 1# - ΤΙΤΛΟΣ ΚΑΙ ΔΗΛΩΣΗ ΥΠΕΥΘΥΝΟΤΗΤΑΣ | |
| Τίτλος | Διεθνής Οικονομική / Θεωρία και Πολιτική: Πρώτος Τόμος |
| 260 ## - PUBLICATION, DISTRIBUTION, ETC. | |
| Name of publisher, distributor, etc. | Κριτική, |
| Date of publication, distribution, etc. | 1995 |
| 300 ## - PHYSICAL DESCRIPTION | |
| Extent | 560 |
| 520 ## - SUMMARY, ETC. | |
| Summary, etc. | Πρόλογος, Εισαγωγή, Τι Πραγματεύεται η Διεθνής Οικονομική;, Θεωρία Διεθνούς Εμπορίου, Παραγωγικότητα της Εργασίας και Συγκριτικό Πλεονέκτημα: Το Ρικαρδιανό Υπόδειγμα, Ειδικοί Συντελεστές Παραγωγής και Διανομή του Εισοδήματος, Πόροι και Διεθνές Εμπόριο: Το Υπόδειγμα Heckscher-Ohlin, Το Πρότυπο του Διεθνούς Εμπορίου, Οικονομίες Κλίμακος και Ατελής Ανταγωνισμός και Διεθνές Εμπόριο, Διεθνής Κίνηση Συντελεστών Παραγωγής, Πολιτική Διεθνούς Εμπορίου, Τα Μέσα της Εμπορικής Πολιτικής, Η Οικονομική της Εμπορικής Πολιτικής, Εμπορική Πολιτική στις Αναπτυσσόμενες Χώρες, Βιομηχανική Πολιτική στις Προηγμένες Χώρες, Μακροοικονομική των Συναλλαγματικών Ισοτιμιών και της Ανοικτής Οικονομίας, Συναλλαγματικές Ισοτιμίες και Αγορά Συναλλάγματος. |
| 700 1# - ΠΡΟΣΘΕΤΗ ΑΝΑΓΡΑΦΗ--ΦΥΣΙΚΟ ΠΡΟΣΩΠΟ | |
| Personal name | Krugman Paul |
| 9 (RLIN) | 2735 |
| 700 1# - ΠΡΟΣΘΕΤΗ ΑΝΑΓΡΑΦΗ--ΦΥΣΙΚΟ ΠΡΟΣΩΠΟ | |
| Personal name | Obstfeld Maurice |
| 9 (RLIN) | 2736 |
| 942 ## - ADDED ENTRY ELEMENTS (KOHA) | |
| Koha item type | Books |
| Τύπος τεκμηρίου | Βιβλιοθήκη | Τρέχουσα τοποθεσία | Barcode | Αριθμός εισαγωγής | Ημερομηνία απόκτησης | Ταξιθετικό σύμβολο | Αριθμός αντιτύπου | Κατάσταση απόσυρσης | Κατάσταση χαμένου | Κατάσταση κατεστραμμένου | Μη δανεισμός | Σύνολο δανεισμών | Ημερομηνία τελευταίας εμφάνισης | Η τιμή ισχύει από |
|---|---|---|---|---|---|---|---|---|---|---|---|---|---|---|
| Books | MC Athens Campus Library | MC Athens Campus Library | 9780000053275 | 6441 | 05/06/2025 | 337 KRU V.A | 1 | 05/06/2025 | 05/06/2025 |